01850na a2200433 450000100060000000300080000600500170001400800410003103500100007204000250008204100080010708200280011509000190014310000520016224000360021424501030025024600480035326000220040130000410042344000740046450000560053860000770059460000940067161000480076561000570081361000880087065100430095865700270100165700420102865700320107065700300110265700470113274000480117983000370122783000230126494200130128795201010130099900150140119719MIRAKIL20181213155233.0161226b tu 000 0  a19719 aMilasbturcTR-AnCHP atur aCHP 324.2372bK44y 2015 aBROŞÜR 160 aKılıçdaroğlu, KemalcCHP Genel Başkanı aYaşanacak bir Türkiyef2015 aYaşanacak bir Türkiyebturizmcilerin sorunlarını sıfırlıyoruzc[Kemal Kılıçdaroğlu] aTurizmcilerin sorunlarını sıfırlıyoruz aAnkarabCHPc2015 aktl. broşürbrnkl. fotg.c20 sm. aCumhuriyet Halk Partisi yayınlarıpYaşanacak bir Türkiye dizisi aBaşka yapıt adı: Gelin oy verin sıfırlayalım aKılıçdaroğlu, KemalxPropaganda ve ideolojileryTurizm politikası aKılıçdaroğlu, KemalcCHP Genel BaşkanıxSeçim kampanyaları, 2015yTurizmciler aCHPxTurizm sorunuyÇözüm önerileri aCHPxSeçim kampanyaları, 2015yTurizm politikası aCHPxPropaganda ve ideolojileryKılıçdaroğlu dönemiyGenel seçimler, 2015 aTürkiyexSiyaset ve yönetimy2015- aCHP turizm politikası aYaşanacak bir Türkiye kampanyası aCHP seçim propagandaları aCHP seçim kampanyaları aGelin oy verin sıfırlayalım kampanyası aTurizmcilerin sorunlarını sıfırlıyoruz aYaşanacak bir Türkiye dizisi aCHP broşürleri 2ddccBKS a0001b0001d2016-12-26e2l0oBROŞÜR 160p011252r2016-12-26 00:00:00v0.00w2016-12-26yBKS c9039d9039